La transició des del Senat / (Record no. 12460)

MARC details
000 -LEADER
campo de control de longitud fija 00811nam a2200277 i 4500
001 - NÚMERO DE CONTROL
campo de control 12460
003 - IDENTIFICADOR DE NÚMERO DE CONTROL
campo de control ES-MaACL
005 - FECHA Y HORA DE LA ÚLTIMA TRANSACCIÓN
campo de control 20230906150321.0
007 - CAMPO FIJO DE DESCRIPCIÓN FÍSICA--INFORMACIÓN GENERAL
campo de control de longitud fija t|
008 - DATOS DE LONGITUD FIJA--INFORMACIÓN GENERAL
campo de control de longitud fija 921125s1991 sp ||||0| cat d
016 7# - NÚMERO DE CONTROL DE UNA AGENCIA BIBLIOGRÁFICA NACIONAL
Número de control cancelado/no válido CEN920143343
020 ## - NÚMERO INTERNACIONAL ESTÁNDAR DEL LIBRO
Número Internacional Estándar del Libro 84-7279-473-3
040 ## - FUENTE DE CATALOGACIÓN
Centro catalogador/agencia de origen CEN
Lengua de catalogación spa
Centro/agencia transcriptor CEN
080 ## - NÚMERO DE LA CLASIFICACIÓN DECIMAL UNIVERSAL
Número de la Clasificación Decimal Universal 342.531(460)"1977/..."
100 1# - ENTRADA PRINCIPAL--NOMBRE DE PERSONA
Nombre de persona Subirats Piñana, Josep.
9 (RLIN) 108700
245 13 - MENCIÓN DEL TÍTULO
Título La transició des del Senat /
Mención de responsabilidad, etc. Josep Subirats Piñana.
250 ## - MENCION DE EDICION
Mención de edición [1ª ed. ].
260 ## - PUBLICACIÓN, DISTRIBUCIÓN, ETC.
Lugar de publicación, distribución, etc. Barcelona :
Nombre del editor, distribuidor, etc. El Llar del Llibre,
Fecha de publicación, distribución, etc. 1991.
300 ## - DESCRIPCIÓN FÍSICA
Extensión 326 p :
Otras características físicas il ;
Dimensiones 20 cm.
490 1# - MENCIÓN DE SERIE
Mención de serie Punt de vista ;
Designación de volumen o secuencia 20
500 ## - NOTA GENERAL
Nota general Indice.
610 1# - PUNTO DE ACCESO ADICIONAL DE MATERIA--NOMBRE DE ENTIDAD CORPORATIVA
Nombre de entidad corporativa o nombre de jurisdicción como elemento de entrada España.
Unidad subordinada Cortes Generales.
-- Senado.
9 (RLIN) 3674
830 0# - PUNTO DE ACCESO ADICIONAL DE SERIE-TÍTULO UNIFORME
Título uniforme Punt de vista ;
Designación de volumen o secuencia 20
9 (RLIN) 228300
852 ## - LOCALIZACIÓN
Ubicación ES-MaACL
Número de control de estantería L-19806
Sublocalización o colección R.123536
Holdings
Estatus retirado Estado de pérdida Estado de daño No para préstamo Biblioteca de origen Biblioteca actual Ubicación en estantería Fecha de adquisición Fuente de adquisición Total de préstamos Signatura topográfica completa Código de barras Visto por última vez Precio de reemplazo Tipo de ítem Koha
        Biblioteca del Ateneo de Madrid Biblioteca del Ateneo de Madrid Depósito 2 17/01/2008     L-19806 1012696 23/02/2023 23/02/2023 Libro impreso